Girl Groups - Sudden Death - Statistics

General Stats
  • This quiz has been taken 69 times
    34 since last reset
  • The average score is 9 of 20
Answers on the Grid
Answers color-coded by a green-red scale on the quiz's grid according to % correct below.
The Chiffons
The Three Degrees
Apples And Pears
The Nylons
The Bangles
Tudor Totties
Bananarama
The Supremes
The Ronettes
The Dooleys
The Angels
Destiny's Child
The Honeycombs
Mediaeval Babes
The Osmond Sisters
The Devils
The Crystals
The Caravelles
Sister Sledge
The Nolans
DC/AC
The Pussycat Dolls
The Shirelles
The Shangri-La's
The Flintstones
All Saints
Sugababes
Wonder Girls
The Sugar Girls
Girlsaloud
 
Answer Stats
Answer % Correct
Destiny's Child
97%
The Pussycat Dolls
90%
The Ronettes
62%
The Supremes
59%
Bananarama
52%
The Bangles
52%
Sister Sledge
48%
Sugababes
45%
All Saints
41%
Girlsaloud
41%
The Crystals
41%
The Shangri-La's
41%
Wonder Girls
38%
The Shirelles
34%
The Angels
28%
The Three Degrees
28%
The Chiffons
24%
The Caravelles
21%
The Nolans
17%
Mediaeval Babes
3%
No matching quizzes found
Score Distribution
Percent of People with Each Score
Percentile by Number Answered
Your Score History
You have not taken this quiz since the last reset